| 000 | 00412nam a2200169Ia 4500 | ||
|---|---|---|---|
| 005 | 20250305013929.0 | ||
| 008 | 240331s9999 xx 000 0 und d | ||
| 082 |
_bPRA _26239 _a923 |
||
| 245 | 0 |
_aEzhathil Sathiyam: _bIruppum Thagarppum |
|
| 260 |
_aChennai _bKaruppu Prathigal _c2007 |
||
| 300 | _a168 p., | ||
| 650 | _aTamil | ||
| 650 | _aCaste | ||
| 650 | _aMovement | ||
| 700 |
_aMagarasan _eedt |
||
| 942 | _cL | ||
| 999 |
_c1428 _d1428 |
||